000 00324nam a22001457a 4500
008 211013b ||||| |||| 00| 0 eng d
020 _a9780070719804
041 _aeng
080 _22nd
_a510
082 _a510
100 _a36
101 _aMAT
245 _aElementary Linear Algebra
_cNichilson,W.K
942 _2udc
_cBK
999 _c58198
_d58198